MyGZULibrary

A strategy of change : (Record no. 3187)

MARC details
000 -LEADER
fixed length control field 01023pam a2200277 a 4500
001 - CONTROL NUMBER
control field 2488184
003 - CONTROL NUMBER IDENTIFIER
control field GZU
005 - DATE AND TIME OF LATEST TRANSACTION
control field 20201123090641.0
008 - FIXED-LENGTH DATA ELEMENTS--GENERAL INFORMATION
fixed length control field 910827s1992 enka b 001 0 eng
010 ## - LIBRARY OF CONGRESS CONTROL NUMBER
LC control number 91033921
020 ## - INTERNATIONAL STANDARD BOOK NUMBER
International Standard Book Number 0415053269
020 ## - INTERNATIONAL STANDARD BOOK NUMBER
International Standard Book Number 0415053277 (pbk.)
040 ## - CATALOGING SOURCE
Original cataloging agency DLC
Transcribing agency DLC
Modifying agency DLC
050 00 - LIBRARY OF CONGRESS CALL NUMBER
Classification number HD58.8
Item number .WIL 1992
082 00 - DEWEY DECIMAL CLASSIFICATION NUMBER
Classification number 658.4/06
Edition number 20
100 1# - MAIN ENTRY--PERSONAL NAME
Personal name Wilson, David C.
Fuller form of name (David Charles),
Dates associated with a name 1951-
245 12 - TITLE STATEMENT
Title A strategy of change :
Remainder of title concepts and controversies in the management of change /
Statement of responsibility, etc. David C. Wilson.
260 ## - PUBLICATION, DISTRIBUTION, ETC.
Place of publication, distribution, etc. London ;
-- New York :
Name of publisher, distributor, etc. Routledge,
Date of publication, distribution, etc. 1992.
300 ## - PHYSICAL DESCRIPTION
Extent xi, 147 p. :
Other physical details ill. ;
Dimensions 23 cm.
440 #4 - SERIES STATEMENT/ADDED ENTRY--TITLE
Title The Routledge series in analytical management
504 ## - BIBLIOGRAPHY, ETC. NOTE
Bibliography, etc. note Includes bibliographical references (p. [133]-142) and index.
650 #0 - SUBJECT ADDED ENTRY--TOPICAL TERM
Topical term or geographic name entry element Organizational change.
906 ## - LOCAL DATA ELEMENT F, LDF (RLIN)
a 7
b cbc
c orignew
d 1
e ocip
f 19
g y-gencatlg
942 ## - ADDED ENTRY ELEMENTS (KOHA)
Source of classification or shelving scheme Library of Congress Classification
Koha item type Books
Classification part 58.8
Item part WIL
Call number prefix HD
Holdings
Withdrawn status Lost status Damaged status Not for loan Collection code Home library Current library Shelving location Date acquired Total Checkouts Full call number Barcode Date last seen Copy number Price effective from Koha item type
        Non-fiction City Campus Library City Campus Library General Stacks 11/23/2020   HD 58.8 WIL 1992 3766 11/23/2020 c.1 11/23/2020 Books